000 00564nam a2200181Ia 4500
005 20250508150342.0
008 008 250505s9999 xx 000 0 eng d
037 _aTextual
040 _aFEDL
_beng
_cFEDL
041 _aeng
_2eng
084 _a547, BAK
_qFEDL
100 _aBaker John William
_9756478
245 0 _aWritten exercises in organic chemistry a supplement to : An introducation to organic chemistry
260 _aLondon, UK
_bJ M Dent and Sons Ltd
_c1948
300 _ax,86p.
942 _cTEXL
_h547, BAK
999 _c1323148
_d1323148